00998nam a2200301 i 4500001001000000003000900010005001700019007000300036008004100039020001500080040003000095082002900125100003700154245005300191250001300244264004300257300002800300336002700328337003300355338002800388590002800416650002900444650003100473910003700504942001400541952012400555999001700679000048134DO-SdBNP20260321073644.0ta181120s2002 dr 000 j spa d a9993476080 aDO-SdBNPbspacBNPHUerda 4aRD863.44bB742c 20022221 a Bosch, Juan, d1909-200197655510aCuentos escritos antes del exilio /cJuan Bosch. a16a. ed. aSanto Domingo :bAlfa y Omega ;c2002. a284 páginas ;c21 cm. 2rdacontentatextobtxt 2rdamediaasin mediaciónbn 2rdacarrieravolumenbnc aInventariado, 2018 / DG 0aCuentos dominicanos9176 0aLiteratura dominicana.967 aValidado. Control de calidad MFF 2ddccLBS1 00102ddc51708PDaBNPHUbBNPHUcHDd2018-11-20oBNPHU PD RD863.44 B742c 2002p48134-10r2020-06-25w2020-06-25yLBS1 c47622d47622